Statystyki dla Największe miasto w Portugalii według dystryktu

Kliknij tutaj aby rozwiązać quiz!

Ogólne statystyki

  • Ten quiz został rozwiązany 45 razy
  • Średni wynik to 13 z 20

Statystyki odpowiedzi

DystryktMiasto% Poprawnych
LizbońskiLizbona
98%
PortoPorto
98%
BragaBraga
93%
CoimbraCoimbra
82%
AveiroAveiro
80%
BejaBeja
80%
BragançaBragança
80%
ÉvoraÉvora
80%
GuardaGuarda
80%
SetúbalSetúbal
80%
LeiriaLeiria
75%
ViseuViseu
75%
SantarémSantarém
73%
Vila RealVila Real
73%
Viana do CasteloViana do Castelo
66%
Castelo BrancoCastelo Branco
64%
Autonomiczny Region MaderyFunchal
43%
Autonomiczny Region AzorówPonta Delgada
11%
FaroPortimão
11%
PortalegreElvas
7%

Rozkład punktacji

Percentyl według liczby udzielonych odpowiedzi

Procent ludzi z każdym wynikiem

Twoja historia wyników

Nie rozwiązałeś tego quizu